[Event "4NCL 3 South pool D"]
[Site "Telford, ENG"]
[Date "2016.05.01"]
[Round "10.95"]
[White "Vlcek, Marek"]
[Black "Hewitt, William"]
[Result "0-1"]
[WhiteElo "2000"]
[BlackElo "2036"]
[PlyCount "142"]
[EventDate "2016.05.01"]

1. Nf3 Nf6 2. c4 g6 3. b4 Bg7 4. Bb2 O-O 5. g3 d5 6. Bg2 c6 7. O-O dxc4 8. a4
Qb6 9. Bc3 Nbd7 10. Na3 Nd5 11. Bxg7 Kxg7 12. Rb1 Qc7 13. Nxc4 N7b6 14. d3 Nc3
15. Qc2 Nxb1 16. Rxb1 Nxc4 17. Qxc4 e5 18. d4 exd4 19. Nxd4 Bd7 20. Qc3 f6 21.
b5 c5 22. Nb3 Rac8 23. Rc1 b6 24. Nd2 Be6 25. e3 Rcd8 26. h4 Qe5 27. Qc2 Qd6
28. Ne4 Qd3 29. Qb2 Qb3 30. Qa1 Bf5 31. Nc3 Rd2 32. e4 Be6 33. Nd5 Bxd5 34.
exd5 Ra2 35. Qb1 Qxb1 36. Rxb1 Rd8 37. Re1 Rxa4 38. Re7+ Kg8 39. Re6 Rb4 40. d6
Rxb5 41. Bd5 Kg7 42. Re7+ Kh6 43. d7 Rb1+ 44. Kg2 Rd1 45. Bc6 c4 46. g4 Rd6 47.
Bb5 a6 48. Bxc4 R8xd7 49. Re3 b5 50. Be2 Rb6 51. f4 b4 52. Re8 Kg7 53. Bc4 h6
54. g5 hxg5 55. hxg5 fxg5 56. fxg5 b3 57. Rg8+ Kh7 58. Ra8 b2 59. Bg8+ Kg7 60.
Ba2 b1=Q 61. Bxb1 Rxb1 62. Rxa6 Rb5 63. Kg3 Rxg5+ 64. Kf4 Rf5+ 65. Kg4 Rd4+ 66.
Kg3 Rb5 67. Ra3 Rdb4 68. Ra2 Rb3+ 69. Kf4 R3b4+ 70. Kg3 Kf6 71. Kh3 Rb3+ 0-1

[Event "4NCL 3 South pool D"]
[Site "Telford, ENG"]
[Date "2016.05.01"]
[Round "10.96"]
[White "Trevelyan, John"]
[Black "Vachtfeidl, Petr"]
[Result "1/2-1/2"]
[WhiteElo "2056"]
[BlackElo "1958"]
[PlyCount "33"]
[EventDate "2016.05.01"]

1. Nf3 g6 2. e4 Bg7 3. d4 d6 4. c4 Bg4 5. Be2 Bxf3 6. Bxf3 Nc6 7. Be3 e5 8.
dxe5 dxe5 9. Nc3 Nd4 10. Qd2 Nxf3+ 11. gxf3 Qxd2+ 12. Bxd2 O-O-O 13. O-O-O c6
14. Bg5 f6 15. Rxd8+ Kxd8 16. Be3 Bh6 17. Bxh6 1/2-1/2

[Event "4NCL 3 South pool D"]
[Site "Telford, ENG"]
[Date "2016.05.01"]
[Round "10.97"]
[White "Homolka, Vincent"]
[Black "Heaven, Peter"]
[Result "1/2-1/2"]
[WhiteElo "1818"]
[BlackElo "2025"]
[PlyCount "71"]
[EventDate "2016.05.01"]

1. e4 e6 2. d4 d5 3. Bd3 c5 4. exd5 exd5 5. dxc5 Bxc5 6. Nf3 Nf6 7. O-O O-O 8.
h3 Nc6 9. Nc3 h6 10. a3 a5 11. Bf4 Be6 12. Qd2 Re8 13. Rfe1 Bf8 14. Rad1 Nh5
15. Be3 g5 16. Nb5 Qd7 17. Nbd4 Nxd4 18. Bxd4 Nf4 19. Ne5 Qc7 20. Bb5 Rec8 21.
c3 Bg7 22. Qe3 Bf5 23. Nd3 Ne6 24. Bxg7 Kxg7 25. Qe5+ Qxe5 26. Rxe5 Bxd3 27.
Bxd3 d4 28. cxd4 Nxd4 29. Re7 Rab8 30. Be4 Nc6 31. Red7 Ne5 32. R7d5 Nc4 33.
Rb5 b6 34. Rd4 Rc7 35. Kf1 Re8 36. Bf3 1/2-1/2

[Event "4NCL 3 South pool D"]
[Site "Telford, ENG"]
[Date "2016.05.01"]
[Round "10.98"]
[White "Ralphs, Nigel"]
[Black "Fowler, David"]
[Result "1/2-1/2"]
[WhiteElo "2001"]
[BlackElo "1888"]
[PlyCount "82"]
[EventDate "2016.05.01"]

1. e4 c6 2. d4 d5 3. e5 Bf5 4. Nf3 e6 5. Be2 Nd7 6. O-O Bg6 7. a4 Nh6 8. a5 a6
9. c4 Bxb1 10. Bxh6 Be4 11. Bg5 f6 12. exf6 gxf6 13. Bf4 Be7 14. Qb3 Ra7 15.
Nd2 Bg6 16. Bg4 Bf7 17. cxd5 exd5 18. Rfe1 O-O 19. Qh3 b5 20. Bf5 Bg6 21. Bxg6
hxg6 22. Qh6 Rf7 23. Qxg6+ Rg7 24. Qf5 Nf8 25. Nb3 Qd7 26. Qxd7 Rxd7 27. Rac1
Bd6 28. Bxd6 Rxd6 29. Re8 Kf7 30. Ra8 Rg4 31. f3 Rf4 32. Rxa6 Ne6 33. Ra7+ Kg6
34. Rd1 c5 35. dxc5 Rc6 36. Rxd5 Rb4 37. Rd3 Nf4 38. Re3 Nd5 39. Rd3 Nf4 40.
Re3 Nd5 41. Rd3 Nf4 1/2-1/2

[Event "4NCL 3 South pool D"]
[Site "Telford, ENG"]
[Date "2016.05.01"]
[Round "10.99"]
[White "Towers, Nigel S"]
[Black "Van Kemenade, Rudy"]
[Result "0-1"]
[WhiteElo "1789"]
[BlackElo "1957"]
[PlyCount "94"]
[EventDate "2016.05.01"]

1. e4 e5 2. Nf3 Nf6 3. d4 Nxe4 4. Bd3 d5 5. dxe5 Nc5 6. Be2 Be7 7. O-O O-O 8.
c4 dxc4 9. Bxc4 Qxd1 10. Rxd1 Bg4 11. Be2 Nc6 12. Bf4 Ne6 13. Bg3 Bxf3 14. Bxf3
Ncd4 15. Nc3 Nxf3+ 16. gxf3 Rad8 17. Nd5 Bc5 18. Bh4 g5 19. Nf6+ Kg7 20. Bg3
Bd4 21. Rab1 c5 22. h4 h6 23. hxg5 hxg5 24. Kg2 Kg6 25. Ng4 Rh8 26. Rdc1 Nf4+
27. Bxf4 gxf4 28. b4 b6 29. bxc5 Bxc5 30. Rd1 Kf5 31. a4 a5 32. Rbc1 Ke6 33.
Rb1 Ke7 34. Rbc1 Rxd1 35. Rxd1 Rd8 36. Rxd8 Kxd8 37. Nf6 b5 38. axb5 a4 39. Nd5
a3 40. Nc3 Bd4 41. Na2 Kc7 42. Kh3 Kb6 43. Kg4 Bxe5 44. Kf5 f6 45. Ke4 Kxb5 46.
Kd3 Bb2 47. Kc2 Kc4 0-1

[Event "4NCL 3 South pool D"]
[Site "Telford, ENG"]
[Date "2016.05.01"]
[Round "10.99"]
[White "Taylor, Robert Graham"]
[Black "Cresswell, Mike J"]
[Result "1/2-1/2"]
[WhiteElo "1920"]
[BlackElo "1771"]
[PlyCount "36"]
[EventDate "2016.05.01"]

1. e4 Nf6 2. d3 e5 3. f4 d6 4. Nf3 Nc6 5. Be2 Be7 6. O-O O-O 7. c3 h6 8. Na3
Re8 9. Nc4 Bf8 10. b4 b5 11. Nb2 Bd7 12. Bd2 a6 13. a3 exf4 14. Bxf4 Ne5 15. d4
Ng6 16. Nd2 Nxe4 17. Nxe4 Rxe4 18. Bg3 Re8 1/2-1/2

[Event "4NCL 3 South pool D"]
[Site "Telford, ENG"]
[Date "2016.05.01"]
[Round "10.99"]
[White "Jones, Steven A"]
[Black "Jones, Christopher M"]
[Result "1-0"]
[WhiteElo "2211"]
[BlackElo "2121"]
[PlyCount "83"]
[EventDate "2016.05.01"]

1. e4 e5 2. Nf3 Nf6 3. d4 Nxe4 4. Bd3 d5 5. Nxe5 Be7 6. O-O Nc6 7. Nxc6 bxc6 8.
Bxe4 dxe4 9. Nc3 f5 10. d5 cxd5 11. Nxd5 Bb7 12. Nxe7 Qxe7 13. Bf4 O-O 14. Qd4
Rfd8 15. Qe3 Qf7 16. b3 a6 17. Rfd1 Rd7 18. Rd4 Rad8 19. Rad1 h6 20. h4 Qe7 21.
Rxd7 Rxd7 22. Rxd7 Qxd7 23. Qg3 Kh7 24. Bxc7 Kg8 25. Be5 Qe7 26. c4 Bc6 27. Qg6
Qxe5 28. Qxc6 e3 29. fxe3 Qxe3+ 30. Kh2 Qf2 31. Kh3 g5 32. Qg6+ Kf8 33. Qxh6+
Kf7 34. Qxg5 f4 35. Qd5+ Kg7 36. Qf3 Qd2 37. Kg4 Kg6 38. Qe4+ Kg7 39. h5 a5 40.
c5 Qf2 41. h6+ Kg8 42. Qe8+ 1-0

[Event "4NCL 3 South pool D"]
[Site "Telford, ENG"]
[Date "2016.05.01"]
[Round "10.99"]
[White "Compton, Alistair"]
[Black "Singleton, Michael P F"]
[Result "1/2-1/2"]
[WhiteElo "2085"]
[BlackElo "2122"]
[PlyCount "83"]
[EventDate "2016.05.01"]

1. e4 c5 2. Nf3 Nc6 3. c3 d5 4. exd5 Qxd5 5. d4 cxd4 6. cxd4 e5 7. Nc3 Bb4 8.
Bd2 Bxc3 9. Bxc3 e4 10. Ne5 Nxe5 11. dxe5 Ne7 12. Qa4+ Bd7 13. Qa3 Qe6 14. Rd1
O-O 15. Be2 Nd5 16. Bc4 Bc6 17. O-O Rfd8 18. Rd2 Rd7 19. Rfd1 Rad8 20. Bxd5
Rxd5 21. Rxd5 Rxd5 22. Rxd5 Qxd5 23. Qd6 Qxd6 24. exd6 f6 25. Kf1 Kf7 26. Ke2
Ke6 27. Bb4 b6 28. Ke3 a5 29. d7 Kxd7 30. Bf8 g6 31. h4 Ke6 32. g3 Kf5 33. Be7
a4 34. a3 h5 35. Bd8 b5 36. Be7 g5 37. Bd8 gxh4 38. gxh4 Bb7 39. Be7 Ke5 40.
Bd8 Bc6 41. Bc7+ Kf5 42. Bd8 1/2-1/2

[Event "4NCL 3 South pool D"]
[Site "Telford, ENG"]
[Date "2016.05.01"]
[Round "10.99"]
[White "Shepherd, Paul D"]
[Black "Piper, Stephen J"]
[Result "0-1"]
[WhiteElo "2080"]
[BlackElo "2063"]
[PlyCount "52"]
[EventDate "2016.05.01"]

1. e4 g6 2. d4 Bg7 3. Nc3 d6 4. f4 a6 5. Nf3 Nd7 6. Bd3 c5 7. Be3 cxd4 8. Nxd4
Ngf6 9. O-O O-O 10. h3 Nc5 11. Nf3 Nxd3 12. cxd3 b5 13. Qe1 b4 14. Ne2 a5 15.
f5 e6 16. Qh4 exf5 17. exf5 Nd5 18. Ng5 h6 19. fxg6 Nxe3 20. gxf7+ Kh8 21. Qe4
Qxg5 22. Nf4 Bf5 23. Qxe3 Rxf7 24. Rae1 Raf8 25. Qb6 Bh7 26. Qxd6 Rxf4 0-1

[Event "4NCL 3 South pool D"]
[Site "Telford, ENG"]
[Date "2016.05.01"]
[Round "10.99"]
[White "Jaszkiwskyj, Peter"]
[Black "Crombleholme, Alan K"]
[Result "0-1"]
[WhiteElo "1991"]
[BlackElo "2052"]
[PlyCount "82"]
[EventDate "2016.05.01"]

1. d4 d6 2. Nf3 Nf6 3. c4 Nbd7 4. Nc3 e5 5. e3 Be7 6. Be2 O-O 7. O-O c6 8. a4
a5 9. Qc2 Re8 10. b3 Bf8 11. Ba3 Qc7 12. Rac1 h6 13. Rfd1 g6 14. h3 Kg7 15. Bb2
Kh7 16. Bd3 Bg7 17. Ba3 Bf8 18. Nh4 Kh8 19. Rd2 Qd8 20. Nxg6+ fxg6 21. Bxg6 e4
22. Bxe8 Qxe8 23. d5 c5 24. Bb2 Bg7 25. Nb5 Qe7 26. Nc7 Rb8 27. Ne6 Ne5 28. Nf4
Bf5 29. Bc3 b6 30. Rcd1 Rg8 31. Qb2 Nd3 32. Nxd3 exd3 33. Re1 Ne4 34. Bxg7+
Rxg7 35. Rxd3 Nxf2 36. Rd2 Nd3 37. Rxd3 Bxd3 38. Qf2 Be4 39. g4 h5 40. Qf4 hxg4
41. hxg4 Qh4 0-1

[Event "4NCL 3 South pool D"]
[Site "Telford, ENG"]
[Date "2016.05.01"]
[Round "10.99"]
[White "Alcock, Graham P"]
[Black "Gibson, Christopher A"]
[Result "1/2-1/2"]
[WhiteElo "1772"]
[BlackElo "1959"]
[PlyCount "59"]
[EventDate "2016.05.01"]

1. e4 c5 2. d4 cxd4 3. c3 dxc3 4. Nxc3 e6 5. Nf3 a6 6. Bc4 b5 7. Bb3 Nc6 8. O-O
Na5 9. Bc2 Bb7 10. Qe2 Ne7 11. Bg5 f6 12. Bh4 Ng6 13. Bg3 Be7 14. h4 Nc6 15.
Rad1 Qb6 16. Rfe1 O-O 17. Rxd7 Rad8 18. Bc7 Qc5 19. Bxd8 Nxd8 20. Qe3 Qc6 21.
Red1 Bc5 22. Qe1 Nf7 23. Bb3 Bc8 24. R7d2 Qb6 25. Rc1 Nfe5 26. Nxe5 Nxe5 27.
Qe2 Nc6 28. Qe1 Ne5 29. Qe2 Nc6 30. Qe1 1/2-1/2

[Event "4NCL 3 South pool D"]
[Site "Telford, ENG"]
[Date "2016.05.01"]
[Round "10.99"]
[White "Ressel, Eva"]
[Black "Durrant, Paul Eo"]
[Result "1-0"]
[WhiteElo "1603"]
[BlackElo "1564"]
[PlyCount "63"]
[EventDate "2016.05.01"]

1. e4 c5 2. Nc3 Nc6 3. f4 d6 4. Nf3 g6 5. Bc4 Bg7 6. O-O e6 7. d3 Nge7 8. Qe1
a6 9. Kh1 O-O 10. f5 d5 11. Bb3 c4 12. dxc4 dxe4 13. Qxe4 Nxf5 14. c5 Qa5 15.
Na4 Ncd4 16. Bd2 Qc7 17. Bf4 Qc6 18. Qxc6 bxc6 19. Be5 Nxb3 20. Bxg7 Kxg7 21.
axb3 f6 22. Nb6 Ra7 23. Rfe1 e5 24. g4 Ne7 25. Nxc8 Rxc8 26. g5 Rd8 27. gxf6+
Kxf6 28. Rxe5 Rdd7 29. Rae1 Rac7 30. Re6+ Kg7 31. Ne5 Rd2 32. Nc4 1-0

[Event "4NCL 3 South pool D"]
[Site "Telford, ENG"]
[Date "2016.05.01"]
[Round "10.99"]
[White "Freeman, Richard C P"]
[Black "Hall, John"]
[Result "0-1"]
[WhiteElo "2033"]
[BlackElo "2183"]
[PlyCount "64"]
[EventDate "2016.05.01"]

1. f4 d5 2. Nf3 Nf6 3. e3 g6 4. b4 a5 5. b5 c5 6. a4 Bg7 7. Bb2 O-O 8. Be2 Nbd7
9. O-O Qc7 10. Qe1 Ne4 11. Bxg7 Kxg7 12. d3 Nef6 13. Qh4 h6 14. Nbd2 e5 15.
fxe5 Nxe5 16. Qf4 Nxf3+ 17. Qxf3 Ng4 18. g3 Qe5 19. e4 Qg5 20. Qf4 Ne3 21. Qxg5
hxg5 22. Rfc1 Be6 23. Kf2 d4 24. Nf1 f5 25. Kg1 f4 26. Nd2 g4 27. gxf4 Rxf4 28.
Nf1 Raf8 29. Ng3 Rf2 30. c3 Rg2+ 31. Kh1 Rff2 32. Nf1 Rxe2 0-1

[Event "4NCL 3 South pool D"]
[Site "Telford, ENG"]
[Date "2016.05.01"]
[Round "10.99"]
[White "McGann, Gary"]
[Black "Smith, Graham"]
[Result "1-0"]
[WhiteElo "2093"]
[BlackElo "2015"]
[PlyCount "35"]
[EventDate "2016.05.01"]

1. d4 Nf6 2. Nf3 e6 3. e3 b6 4. Bd3 Bb7 5. O-O c5 6. b3 Be7 7. Bb2 Nc6 8. c4
cxd4 9. exd4 d5 10. Nbd2 Qc7 11. Rc1 dxc4 12. bxc4 O-O-O 13. Re1 Ng4 14. d5 Nb4
15. Bb1 Bc5 16. Ne4 exd5 17. Nxc5 bxc5 18. Bf5+ 1-0

[Event "4NCL 3 South pool D"]
[Site "Telford, ENG"]
[Date "2016.05.01"]
[Round "10.99"]
[White "Lambourne, Dan M"]
[Black "Mossong, Hubert"]
[Result "0-1"]
[WhiteElo "1990"]
[BlackElo "2037"]
[PlyCount "140"]
[EventDate "2016.05.01"]

1. c4 g6 2. g3 Bg7 3. Bg2 Nc6 4. Nf3 e5 5. Nc3 Nge7 6. d3 O-O 7. O-O h6 8. e3
d6 9. d4 Bg4 10. d5 Na5 11. Qd3 b6 12. Ne1 Nb7 13. f3 Bd7 14. Rb1 a5 15. Nc2 f5
16. e4 Nc5 17. Qe2 f4 18. Ne1 g5 19. Nd3 Nxd3 20. Qxd3 Ng6 21. Ne2 Qe7 22. Kf2
h5 23. Ng1 Rf7 24. Ke2 Raf8 25. Bd2 g4 26. Kd1 h4 27. fxg4 Bxg4+ 28. Kc2 hxg3
29. hxg3 Qd7 30. b3 Bf6 31. gxf4 exf4 32. Bxf4 Bg7 33. Bg3 Rxf1 34. Rxf1 Rxf1
35. Qxf1 Qe7 36. Ne2 Qg5 37. Bf4 Qf6 38. Bf3 Nxf4 39. Bxg4 Qb2+ 40. Kd1 Qa1+
41. Nc1 Qd4+ 42. Kc2 Qxe4+ 43. Nd3 Nxd5 44. Qf3 Nb4+ 45. Kd2 Qxf3 46. Bxf3 Nxa2
47. Bd5+ Kf8 48. Nf4 Bh6 49. Ke3 Nc1 50. Ke4 Bxf4 51. Kxf4 Nxb3 52. Bc6 Nc5 53.
Ke3 Ke7 54. Kd2 Ke6 55. Kc3 Ke5 56. Be8 d5 57. cxd5 Kxd5 58. Bf7+ Kd6 59. Kc4
c6 60. Bh5 b5+ 61. Kc3 Ne4+ 62. Kb3 c5 63. Be8 c4+ 64. Kb2 Kc5 65. Bd7 b4 66.
Ba4 Kd4 67. Kc2 Nc5 68. Be8 a4 69. Bg6 a3 70. Kb1 b3 0-1

[Event "4NCL 3 South pool D"]
[Site "Telford, ENG"]
[Date "2016.05.01"]
[Round "10.99"]
[White "Birkin, Mark H"]
[Black "Kendall, Paul S N"]
[Result "1/2-1/2"]
[WhiteElo "2027"]
[BlackElo "1958"]
[PlyCount "88"]
[EventDate "2016.05.01"]

1. e4 c5 2. Nf3 Nc6 3. d3 g6 4. g3 Bg7 5. Bg2 Nf6 6. O-O d6 7. c3 O-O 8. Re1 e5
9. a3 d5 10. Nbd2 dxe4 11. dxe4 Be6 12. b4 Qd3 13. Bb2 Rad8 14. Qa4 Nd7 15. Bf1
Qd6 16. Rad1 Nb6 17. Qc2 cxb4 18. cxb4 Bg4 19. h3 Be6 20. Nc4 Qb8 21. Nxb6 axb6
22. b5 Na5 23. Rxd8 Rxd8 24. Qc3 Rc8 25. Qe3 Rc5 26. Rc1 Nb3 27. Rxc5 Nxc5 28.
Nd2 Qd8 29. Nc4 Na4 30. Bc1 Qc7 31. Qd3 Nc5 32. Qe2 Bd7 33. Nd2 Bh6 34. Qc4 Be6
35. Qc2 Qd7 36. Nc4 Bxc1 37. Qxc1 Qd4 38. Nd2 Nxe4 39. Nxe4 Qxe4 40. Bg2 Qc4
41. Qb2 Qc7 42. h4 f6 43. Qd2 Kg7 44. Qe3 f5 1/2-1/2

[Event "4NCL 3 South pool D"]
[Site "Telford, ENG"]
[Date "2016.05.01"]
[Round "10.99"]
[White "Majer, Chris E"]
[Black "Wojciechowski, Paul"]
[Result "0-1"]
[WhiteElo "1931"]
[BlackElo "2000"]
[PlyCount "74"]
[EventDate "2016.05.01"]

1. e4 c5 2. Nc3 a6 3. a4 e6 4. f4 d5 5. e5 Nc6 6. Nf3 c4 7. d4 cxd3 8. Bxd3 Bc5
9. Qe2 Qb6 10. a5 Qc7 11. Na4 Bb4+ 12. c3 Bxa5 13. Be3 b5 14. Nc5 b4 15. O-O
bxc3 16. Rfc1 Nge7 17. b4 Bxb4 18. Nxa6 Bxa6 19. Rxa6 Rxa6 20. Bxa6 O-O 21. Nd4
Nxd4 22. Bxd4 Nf5 23. Bf2 Bc5 24. Bd3 Bxf2+ 25. Qxf2 Rc8 26. Qf3 Qc5+ 27. Kh1
Qe3 28. Qf1 Qc5 29. g4 Ne3 30. Qh3 g6 31. Re1 d4 32. f5 Qxe5 33. fxe6 Qxe6 34.
Be2 c2 35. Rc1 d3 36. Bxd3 Qd5+ 37. Kg1 Qxd3 0-1

[Event "4NCL 3 South pool D"]
[Site "Telford, ENG"]
[Date "2016.05.01"]
[Round "10.99"]
[White "Deighton, Simon"]
[Black "Obi, Marc ON"]
[Result "1-0"]
[WhiteElo "1997"]
[BlackElo "1900"]
[PlyCount "89"]
[EventDate "2016.05.01"]

1. d4 b5 2. e4 Bb7 3. Bd3 Nf6 4. Qe2 a6 5. Nf3 g6 6. O-O Bg7 7. Nbd2 O-O 8. a4
b4 9. c4 d6 10. Nb3 e6 11. Bd2 a5 12. Rfc1 Nbd7 13. c5 dxc5 14. dxc5 c6 15. Bf4
Ne8 16. Bc4 e5 17. Bg5 Nef6 18. Rd1 Qe7 19. Rac1 h6 20. Bh4 g5 21. Bg3 Nh5 22.
Rd2 Nxg3 23. hxg3 Ra7 24. Qd3 Rd8 25. Rcd1 Ba8 26. Nh2 h5 27. Nf1 Bf6 28. Ne3
Qe8 29. Nf5 Kh7 30. Qe2 g4 31. Nd6 Qe7 32. Nf5 Qf8 33. Rd6 Bg5 34. R1d3 Nb8 35.
f3 Rxd6 36. Rxd6 Rd7 37. fxg4 Rxd6 38. cxd6 f6 39. Nc5 Qd8 40. Be6 Qb6 41. Qf2
hxg4 42. Ne7 Kg7 43. Qf5 Qd8 44. Qg6+ Kh8 45. Qf7 1-0

[Event "4NCL 3 South pool D"]
[Site "Telford, ENG"]
[Date "2016.05.01"]
[Round "10.99"]
[White "Redman, David J"]
[Black "Dickinson, Tim R"]
[Result "1-0"]
[WhiteElo "2200"]
[BlackElo "2094"]
[PlyCount "111"]
[EventDate "2016.05.01"]

1. d4 e6 2. c4 Bb4+ 3. Bd2 Qe7 4. Nf3 Nf6 5. a3 Bxd2+ 6. Qxd2 d6 7. Nc3 O-O 8.
e4 e5 9. d5 a5 10. Bd3 a4 11. Bc2 Bd7 12. Qg5 Ra5 13. h3 Na6 14. g4 Nc5 15. Ne2
Kh8 16. Ng3 Ng8 17. Qe3 g6 18. g5 f5 19. exf5 gxf5 20. Qc3 Raa8 21. h4 Qg7 22.
h5 e4 23. Nd4 Qxg5 24. Ne6+ Qf6 25. Nxf8 Qxc3+ 26. bxc3 Rxf8 27. Rh4 Nh6 28.
Rf4 Rg8 29. Kd2 Rg5 30. Rg1 Nf7 31. f3 Ne5 32. fxe4 Nxc4+ 33. Kc1 fxe4 34. Bxe4
Nxe4 35. Rxe4 Ne5 36. h6 Rg6 37. Re3 Rxh6 38. Ne4 b6 39. Reg3 Rg6 40. Nf6 Bb5
41. Kb2 Kg7 42. Nh5+ Kf7 43. Nf4 Rxg3 44. Rxg3 Bd7 45. Nd3 Nxd3+ 46. Rxd3 h5
47. Rd4 Ke7 48. Kc2 Kd8 49. Rf4 Kc8 50. c4 b5 51. Kc3 Kb7 52. Rf7 Bg4 53. cxb5
Kb6 54. Kb4 Bd1 55. Rh7 Kb7 56. Ka5 1-0

[Event "4NCL 3 South pool D"]
[Site "Telford, ENG"]
[Date "2016.05.01"]
[Round "10.99"]
[White "Brackmann, Hendrik"]
[Black "Byway, Paul V"]
[Result "1/2-1/2"]
[WhiteElo "2044"]
[BlackElo "2071"]
[PlyCount "42"]
[EventDate "2016.05.01"]

1. e4 c5 2. Nf3 e6 3. d4 cxd4 4. Nxd4 Nf6 5. Nc3 Nc6 6. Ndb5 Bb4 7. a3 Bxc3+ 8.
Nxc3 d5 9. exd5 exd5 10. Bd3 O-O 11. O-O Bg4 12. f3 Bh5 13. Bg5 Qb6+ 14. Kh1
Ne4 15. Nxe4 dxe4 16. Bxe4 Qxb2 17. Qb1 Qb6 18. Qxb6 axb6 19. Rfb1 Bg6 20. Bxg6
hxg6 21. Rxb6 Rfe8 1/2-1/2

[Event "4NCL 3 South pool D"]
[Site "Telford, ENG"]
[Date "2016.05.01"]
[Round "10.99"]
[White "Rosen, Daniel B"]
[Black "Cole, James"]
[Result "1/2-1/2"]
[WhiteElo "2059"]
[BlackElo "1975"]
[PlyCount "110"]
[EventDate "2016.05.01"]

1. e4 c5 2. Nc3 Nc6 3. f4 g6 4. Nf3 Bg7 5. Bc4 e6 6. O-O Nge7 7. d3 d5 8. Bb5
O-O 9. Bxc6 Nxc6 10. Qe1 a6 11. Nd1 f5 12. Be3 fxe4 13. dxe4 dxe4 14. Ng5 b6
15. Nxe4 Nd4 16. Rc1 Bb7 17. Ndc3 Qc7 18. Ng3 Rae8 19. Nce2 Nf5 20. Bd2 Bxb2
21. Bc3 Bxc3 22. Qxc3 e5 23. Nxf5 Rxf5 24. fxe5 Qxe5 25. Rxf5 Qxf5 26. Rf1 Qe4
27. Rf2 Rd8 28. h3 Bd5 29. Qf6 Re8 30. Qxb6 Bc4 31. Qc7 Qe6 32. Ng3 Qe5 33.
Qxe5 Rxe5 34. a3 Re1+ 35. Kh2 Kg7 36. Rf3 Re5 37. Rc3 Bb5 38. Kg1 Kf7 39. Kf2
Bc6 40. Rc4 Ke7 41. Rf4 g5 42. Rc4 Kf6 43. h4 h6 44. hxg5+ Kxg5 45. Rc3 Kf6 46.
Rc4 h5 47. Rh4 Kg6 48. Ne2 Kg5 49. g3 Bd7 50. Rf4 Bf5 51. Ng1 Bg4 52. Nf3+ Bxf3
53. Kxf3 Rf5 54. Rxf5+ Kxf5 55. c4 Ke5 1/2-1/2

[Event "4NCL 3 South pool D"]
[Site "Telford, ENG"]
[Date "2016.05.01"]
[Round "10.99"]
[White "Idle, Oscar"]
[Black "Davison, Chris"]
[Result "0-1"]
[WhiteElo "1840"]
[BlackElo "1976"]
[PlyCount "48"]
[EventDate "2016.05.01"]

1. d4 d5 2. Nf3 Bg4 3. c4 Bxf3 4. exf3 Nc6 5. c5 e5 6. Bb5 Qf6 7. Be3 Nge7 8.
Nc3 O-O-O 9. Ne2 Nf5 10. Qa4 exd4 11. Bd2 a6 12. Bxc6 Qxc6 13. Qxc6 bxc6 14.
Rc1 Re8 15. Kd1 h5 16. g4 d3 17. Nf4 Nd4 18. Nxh5 Nxf3 19. h4 g6 20. Nf4 Bh6
21. g5 Bxg5 22. Rh3 Nxd2 23. hxg5 Rxh3 24. Nxh3 Nf3 0-1

[Event "4NCL 3 South pool D"]
[Site "Telford, ENG"]
[Date "2016.05.01"]
[Round "10.99"]
[White "McMahon, Paul"]
[Black "Rowan, Daniel"]
[Result "1-0"]
[WhiteElo "2006"]
[BlackElo "1877"]
[PlyCount "35"]
[EventDate "2016.05.01"]

1. Nc3 b6 2. e4 Bb7 3. d4 e6 4. Nf3 Nf6 5. e5 Nd5 6. Ne4 d6 7. c3 Be7 8. Bd3
Nd7 9. O-O O-O 10. Nfg5 g6 11. Qg4 dxe5 12. Qh3 h5 13. Nxe6 fxe6 14. Qxe6+ Kg7
15. dxe5 Rf5 16. Ng3 Nc5 17. Nxf5+ gxf5 18. Qh6+ 1-0

[Event "4NCL 3 South pool D"]
[Site "Telford, ENG"]
[Date "2016.05.01"]
[Round "10.99"]
[White "Terry, Sean"]
[Black "Judkins, Brian D"]
[Result "1-0"]
[WhiteElo "1914"]
[BlackElo "1843"]
[PlyCount "83"]
[EventDate "2016.05.01"]

1. e4 e5 2. Nf3 Nf6 3. d3 Nc6 4. c3 d5 5. Qc2 Be7 6. Be2 O-O 7. O-O h6 8. Nbd2
Be6 9. Re1 dxe4 10. dxe4 Bd6 11. Nc4 Qe7 12. b4 a6 13. a3 Rfd8 14. Bb2 Nh7 15.
Ne3 Ng5 16. Nd5 Nxf3+ 17. Bxf3 Qf8 18. Rad1 Ne7 19. c4 c6 20. c5 cxd5 21. exd5
Bf5 22. Qc4 Bb8 23. d6 Nc6 24. Bxc6 bxc6 25. Rxe5 Be6 26. Qd4 Bd5 27. Rd3 Ra7
28. Rg3 f6 29. Ree3 Kh8 30. Rg6 Rad7 31. Qh4 Kh7 32. Rgg3 Re8 33. Qg4 Rxe3 34.
Qg6+ Kg8 35. fxe3 Kh8 36. Qf5 Qf7 37. e4 Be6 38. Qf4 Bc4 39. h3 Be6 40. e5 fxe5
41. Qxe5 Qg8 42. Rg6 1-0